Top 15 Countries with Covid-19 Cases - 20 May - Statistics

General Stats
  • This quiz has been taken 37 times
  • The average score is 15 of 25
Answer Stats
country % Correct
China
100%
United States
100%
Russia
94%
United Kingdom
94%
France
91%
Italy
91%
Canada
88%
Germany
85%
Spain
85%
Brazil
82%
India
82%
Portugal
61%
Sweden
61%
Turkey
61%
Belgium
55%
Iran
45%
Ireland
45%
Switzerland
39%
Peru
30%
Qatar
21%
Singapore
21%
Bahrain
18%
Kuwait
18%
Saudi Arabia
18%
Belarus
9%
No matching quizzes found
Score Distribution
Percent of People with Each Score
Percentile by Number Answered
Your Score History
You have not taken this quiz